Statistics for Top 15 Best Disney World Rides

Click here to take the quiz!

General Stats

  • This quiz has been taken 53 times
  • The average score is 4 of 15

Answer Stats

RankParkAnswer% Correct
7Magic KingdomSpace Mountain
71%
12E.P.C.O.TTest Track
60%
13Animal KingdomExpedition Everest
52%
15E.P.C.O.TSoarin'
50%
4Hollywood StudiosRockin' Roller Coaster
33%
6Hollywood StudiosSlinky Dog Dash
33%
1E.P.C.O.TGuardians of the Galaxy: Cosmic Rewind
29%
3Animal KingdomAvatar Flight of Passage
21%
8Magic KingdomHaunted Mansion
21%
2Hollywood StudiosStar Wars: Rise of the Resistance
13%
9Hollywood StudiosToy Story Mania
13%
5Magic KingdomTron Lightcycle Run
13%
10Hollywood StudiosTwilight Zone Tower of Terror
13%
14Animal KingdomKilimanjaro Safaris
10%
11Magic KingdomJungle Cruise
6%

Score Distribution

Percentile by Number Answered

Percent of People with Each Score

Your Score History

You have not taken this quiz